| 000 | 00803nam a2200277Ia 4500 | ||
|---|---|---|---|
| 003 | OSt | ||
| 005 | 20221006144940.0 | ||
| 006 | a|||||r|||| 00| 0 | ||
| 007 | ta | ||
| 008 | 221006b |||||||| |||| 00| 0 eng d | ||
| 020 |
_a9780393316810 _c _13.86 |
||
| 024 | _a13,286 | ||
| 037 |
_bGift, Korea Foundation _cTextual |
||
| 040 |
_aEASL _cEASL _beng |
||
| 041 |
_2eng _aeng |
||
| 082 | _aV495.N1<-M7, N7 | ||
| 100 |
_aCUMINGS Bruce _9615669 |
||
| 245 | 0 |
_aKorea's place in the sun _b A modern history |
|
| 260 |
_aNew York _bW. W. Norrton & Company _c1997 |
||
| 300 |
_a827p. _ccm. |
||
| 490 | _v KEL | ||
| 650 | _a KEL | ||
| 650 |
_aKorea - South - History _9647345 |
||
| 942 |
_hV495.N1<-M7, N7 _cTEXL _2CC |
||
| 999 |
_c1081372 _d1081372 |
||